000 01258cam a2200337 a 4500
001 2886
003 FISKH
005 20240122112100.0
008 051026s2006 nyu c 000 1 eng
010 _a 2005030945
020 _a1582349606
020 _a9781582349602
020 _a9780545567510
035 _a(OCoLC)ocm62341439
040 _aDLC
_cDLC
_dIG#
_dBAKER
_dJP3
_dDLC
_beng
042 _alcac
_alcac
050 0 0 _aPZ7.M6223
_bKik 2006
082 0 0 _a[Fic]
_222
100 1 _aMiller, Kirsten,
_d1973-
245 1 0 _aKiki Strike :
_binside the shadow city /
_cKirsten Miller.
250 _aFirst Scholastic printing, April 2013
260 _aNew York :
_bScholastic,
_c2006
300 _a387 pages ;
_c20 cm
520 _aLife becomes more interesting for Ananka Fishbein when, at the age of twelve, she discovers an underground room in the park across from her New York City apartment and meets a mysterious girl called Kiki Strike who claims that she, too, wants to explore the subterranean world.
650 1 _aUnderground areas
_vFiction.
650 1 _aMystery and detective stories.
650 1 _aIdentity
_vFiction.
651 1 _aNew York (N.Y.)
_vFiction.
906 _a7
_bcbc
_corignew
_d1
_eecip
_f20
_gy-gencatlg
942 _2ddc
_cBK
_n0
999 _c2886
_d2886